| 000 | 00623nam a2200217Ia 4500 | ||
|---|---|---|---|
| 005 | 20250923144621.0 | ||
| 008 | 008 250917s9999 xx 000 0 eng d | ||
| 037 | _aReference | ||
| 040 |
_aDSWL _beng _cDSWL |
||
| 041 |
_aeng _2eng |
||
| 084 |
_aX:9:Z2, J7 _qDSWL |
||
| 100 |
_aBose, R.N. _9826678 |
||
| 245 | 2 |
_aA handbook of labour law & industrial relations _cby R.N. Bose |
|
| 260 |
_aCalcutta _b Nalanda Press 159-160, Carniuallis SStreet |
||
| 300 | _a463p. | ||
| 365 |
_aINR _b10 |
||
| 700 |
_aS.R. Mukherjee _9826679 |
||
| 925 | _g10 | ||
| 942 |
_cREF _hX:9:Z2, J7 |
||
| 999 |
_c1441223 _d1441223 |
||